| Tag |
First Indicator |
Second Indicator |
Subfields |
| LEADER |
00000cam a2200000 a 4500 |
| 001 |
in00000979607 |
| 005 |
20150927081302.0 |
| 008 |
861021s1985 sw a 00010 eng d |
| 019 |
|
|
|a 14962732
|
| 020 |
|
|
|a 9186098365
|
| 035 |
|
|
|a (OCoLC)14449469
|
| 035 |
|
|
|9 AEV9141AM
|
| 040 |
|
|
|a ZSJA
|c ZSJ
|d OCL
|d RBN
|d TXA
|d UtOrBLW
|
| 049 |
|
|
|a TXAM
|
| 090 |
|
|
|a CC82.3
|b .H3 1985
|
| 100 |
1 |
|
|a Hankey, Henry.
|
| 245 |
1 |
0 |
|a Archaeology :
|b artifacts and artifiction /
|c by Henry Hankey.
|
| 264 |
|
1 |
|a Göteborg :
|b P. Aströms,
|c 1985.
|
| 300 |
|
|
|a 32 pages :
|b illustrations ;
|c 22 cm.
|
| 336 |
|
|
|a text
|b txt
|2 rdacontent
|
| 337 |
|
|
|a unmediated
|b n
|2 rdamedia
|
| 338 |
|
|
|a volume
|b nc
|2 rdacarrier
|
| 490 |
1 |
|
|a Studies in Mediterranean archeology. Pocket-book ;
|v 37
|
| 650 |
|
0 |
|a Archaeology
|x Drawing.
|
| 830 |
|
0 |
|a Studies in Mediterranean archaeology.
|p Pocket-book ;
|v 37.
|
| 999 |
|
|
|a MARS
|
| 999 |
f |
f |
|s 4bb692c2-c047-3a48-a316-f8c824b98160
|i d9d47f41-1152-3f87-8935-3f195a2d9a82
|t 0
|
| 952 |
f |
f |
|p ric
|a Texas A&M University
|b Rellis Campus
|c Joint Library Facility
|d Remote Storage
|t 0
|e CC82.3 .H3 1985
|h Library of Congress classification
|i unmediated -- volume
|m A14813487195
|
| 998 |
f |
f |
|a CC82.3 .H3 1985
|t 0
|l Remote Storage
|